Ideja razdelenija vlastej v teorii D. Lokka a Š. Monteskje

Gespeichert in:
Bibliographische Detailangaben
1. Verfasser: Juza, Peter
Weitere Verfasser: Liďák, Ján
Format: Buchkapitel
Sprache:Russisch
Schlagworte:
Tags: Tag hinzufügen
Keine Tags, Fügen Sie das erste Tag hinzu!

MARC

LEADER 00000naa a2200000 4500
001 0145025
005 20240502083335.5
041 0 |a rus 
044 |a UZ 
245 1 0 |a Ideja razdelenija vlastej v teorii D. Lokka a Š. Monteskje  |c Peter Juza, Ján Liďák 
610 2 0 |a moc štátna 
610 2 0 |a legislatíva 
610 2 0 |a súdy 
610 2 0 |a súdnictvo 
610 2 0 |a právo 
610 2 0 |a kontrola 
610 2 0 |a strany politické 
100 1 |a Juza, Peter 
700 1 |a Liďák, Ján